Adams and Victor’s principles of neurology / Allan H. Ropper, MD, Martin A. Samuels, MD, MACP, FAAN, FANA, FRCP, DSci (Hon), Joshua P. Klein, MD, PhD, Sashank Prasad, MD. (Record no. 21505)
| 000 -LEADER | |
|---|---|
| fixed length control field | 00742cam a22002054a 4500 |
| 020 ## - INTERNATIONAL STANDARD BOOK NUMBER | |
| ISBN | 9781265435998 |
| 020 ## - INTERNATIONAL STANDARD BOOK NUMBER | |
| ISBN | 1265435995 |
| 082 00 - DEWEY DECIMAL CLASSIFICATION NUMBER | |
| Classification number | 616.8 |
| Item number | R785 2023 |
| 100 1# - MAIN ENTRY--AUTHOR NAME | |
| Personal name | Ropper, Allan H., author. |
| 245 10 - TITLE STATEMENT | |
| Title | Adams and Victor’s principles of neurology / Allan H. Ropper, MD, Martin A. Samuels, MD, MACP, FAAN, FANA, FRCP, DSci (Hon), Joshua P. Klein, MD, PhD, Sashank Prasad, MD. |
| 250 ## - EDITION STATEMENT | |
| Edition statement | Twelfth edition. |
| 260 ## - PUBLICATION, DISTRIBUTION, ETC. (IMPRINT) | |
| Place of publication | New York : |
| Name of publisher | McGraw-Hill LLC, |
| Year of publication | ©2023. |
| 300 ## - PHYSICAL DESCRIPTION | |
| Number of Pages | ix, 1605 pages : |
| Other physical details | illustrations ; 29 cm. |
| 500 ## - GENERAL NOTE | |
| General note | Includes bibliographical references and index. |
| 650 #0 - SUBJECT ADDED ENTRY--TOPICAL TERM | |
| Topical Term | Neurology. |
| 650 #0 - SUBJECT ADDED ENTRY--TOPICAL TERM | |
| Topical Term | Nervous system – Diseases. |
| 650 #0 - SUBJECT ADDED ENTRY--TOPICAL TERM | |
| Topical Term | Neuropsychiatry. |
| 700 1# - ADDED ENTRY--PERSONAL NAME | |
| Personal name | Samuels, Martin A. |
| 942 ## - ADDED ENTRY ELEMENTS (KOHA) | |
| Koha item type | Books |
| Source of acquisition | Permanent Location | Date acquired | Koha item type | Collection code | Accession Number | Lost status | Shelving location | Withdrawn status | Current Location | Full call number |
|---|---|---|---|---|---|---|---|---|---|---|
| School | Cagayan State University - Carig Library | 2025-10-28 | Books | Medicine | M002768 | Medical Library | Cagayan State University - Carig Library | 616.8 R785 2023 | ||
| School | Cagayan State University - Carig Library | 2025-10-28 | Books | Medicine | M002769 | Medical Library | Cagayan State University - Carig Library | 616.8 R785 2023 | ||
| School | Cagayan State University - Carig Library | 2025-10-28 | Books | Medicine | M002770 | Medical Library | Cagayan State University - Carig Library | 616.8 R785 2023 |